000 00307nam a22001337a 4500
008 170911b xxu||||| |||| 00| 0 eng d
020 _a9780805395938
041 _aeng
080 _25 ED
_a52
100 _a42
101 _aAST
245 _aASTRONOMY MEDIA WORKBOOK
_cLOPRESTO.M.C
942 _2udc
_cBK
999 _c27048
_d27048